Journal of Drug Issues

Bibliographic Details
Format: eBook
Language:English
Subjects:
Online Access:Acceso restringido

MARC

LEADER 00000nam a22000007a 4500
005 20211013212243.0
007 cr|||| ||||
008 211013c19719999us qr|w s|||| 0|||b1eng d
022 |a 0022-0426 
035 |a 33814 
040 |a vLex 
090 |c 12539  |d 12539 
245 0 0 |a  Journal of Drug Issues  |h [Recurso electrn̤ico] / 
256 |a Servicio en ln̕ea 
300 |a 1 recurso electrn̤ico 
310 |a Trimestral 
362 |a Nð 1-1 (Ene. 1971) - 
506 1 |a Disponible solo en los productos indicados  |d vLex Global  |d vLex Global (Academic Edition, excluding Law Schools)  |d vLex Global (Academic Edition, Law Schools) 
650 0 4 |a Derecho Penal  |z Estados Unidos 
740 0 |a vLex Revistas (Servicio en ln̕ea) 
856 4 0 |u https://app.vlex.com/#/sources/33814  |z Acceso restringido 
942 |c REV 
999 0 |a Criminal law